| Tag |
First Indicator |
Second Indicator |
Subfields |
| LEADER |
00000cam a22000005i 4500 |
| 001 |
in00003725621 |
| 005 |
20210728125518.0 |
| 006 |
m o d |
| 007 |
cr nn 008mamaa |
| 008 |
151128s2010 xxk| o |||| 0|eng d |
| 020 |
|
|
|a 9780230274860
|9 978-0-230-27486-0
|
| 024 |
7 |
|
|a 10.1057/9780230274860
|2 doi
|
| 035 |
|
|
|a (DE-He213)978-0-230-27486-0
|
| 035 |
|
|
|a 5305986
|
| 040 |
|
|
|d UtOrBLW
|
| 072 |
|
7 |
|a JPS
|2 bicssc
|
| 072 |
|
7 |
|a POL011000
|2 bisacsh
|
| 082 |
0 |
4 |
|a 327
|2 23
|
| 090 |
|
|
|a JZ1310
|b .S245 2010
|
| 100 |
1 |
|
|a Sahle, Eunice N.,
|e author.
|
| 245 |
1 |
0 |
|a World Orders, Development and Transformation /
|c by Eunice N. Sahle.
|
| 264 |
|
1 |
|a London :
|b Palgrave Macmillan UK :
|b Imprint: Palgrave Macmillan,
|c 2010.
|
| 300 |
|
|
|a 1 online resource (XII, 256 pages)
|
| 336 |
|
|
|a text
|b txt
|2 rdacontent
|
| 337 |
|
|
|a computer
|b c
|2 rdamedia
|
| 338 |
|
|
|a online resource
|b cr
|2 rdacarrier
|
| 347 |
|
|
|a text file
|b PDF
|2 rda
|
| 490 |
1 |
|
|a International political economy series
|
| 500 |
|
|
|a Electronic resource.
|
| 520 |
|
|
|a The book examines how hegemonic development ideas and practices emerged in the context of the changing world order post-1945 and how this transformation was characterized by neoliberalism and securitization of development and security. Sahle also explores the rise of China and the start of Obama's presidency.
|
| 650 |
1 |
4 |
|a Political Science and International Relations.
|
| 650 |
2 |
4 |
|a Development Policy.
|
| 650 |
2 |
4 |
|a Development Studies.
|
| 650 |
2 |
4 |
|a International Organization.
|
| 650 |
2 |
4 |
|a International Relations.
|
| 650 |
2 |
4 |
|a Political Science.
|
| 650 |
2 |
4 |
|a Sociology, general.
|
| 650 |
|
0 |
|a Economic development.
|0 http://id.loc.gov/authorities/subjects/sh85040804
|
| 650 |
|
0 |
|a Economic policy.
|0 http://id.loc.gov/authorities/subjects/sh85040837
|
| 650 |
|
0 |
|a International organization.
|0 http://id.loc.gov/authorities/subjects/sh85067432
|
| 650 |
|
0 |
|a International relations.
|0 http://id.loc.gov/authorities/subjects/sh85067435
|
| 650 |
|
0 |
|a Political science.
|0 http://id.loc.gov/authorities/subjects/sh85104440
|
| 650 |
|
0 |
|a Sociology.
|0 http://id.loc.gov/authorities/subjects/sh85124200
|
| 655 |
|
7 |
|a Electronic books.
|2 local
|
| 710 |
2 |
|
|a SpringerLink (Online service)
|0 http://id.loc.gov/authorities/names/no2005046756
|
| 773 |
0 |
|
|t Springer eBooks
|
| 776 |
1 |
8 |
|i Printed edition:
|z 9781349306589
|
| 830 |
|
0 |
|a International political economy series.
|0 http://id.loc.gov/authorities/names/n86724070
|
| 856 |
4 |
0 |
|u http://proxy.library.tamu.edu/login?url=https://dx.doi.org/10.1057/9780230274860
|z Connect to the full text of this electronic book
|t 0
|
| 999 |
f |
f |
|s 5859b018-4006-38d2-8ed7-f8f1961ea47a
|i 0b6bf223-c2ce-3370-b7ba-575bf5e0db68
|t 0
|
| 952 |
f |
f |
|a Texas A&M University
|b College Station
|c Electronic Resources
|d Available Online
|t 0
|e JZ1310 .S245 2010
|h Library of Congress classification
|
| 998 |
f |
f |
|a JZ1310 .S245 2010
|t 0
|l Available Online
|